[Event "Brest op"]
[Site "Brest"]
[Date "2010.04.03"]
[Round "1.7"]
[White "Pascal, Yann"]
[Black "Viart, Bettina"]
[Result "1-0"]
[WhiteElo "1937"]
[BlackElo "1567"]
[PlyCount "85"]
[EventDate "2010.04.03"]
[EventType "swiss"]
[EventRounds "7"]
[EventCountry "FRA"]
[SourceTitle "EXT 2014"]
[Source "ChessBase"]
[SourceDate "2013.11.20"]
[SourceVersion "1"]
[SourceVersionDate "2013.11.20"]
[SourceQuality "1"]

1. e4 c5 2. Nc3 d6 3. g3 Nc6 4. Bg2 e6 5. Nf3 Nf6 6. d4 cxd4 7. Nxd4 Nxd4 8. Qxd4 e5 9. Qd3 a6 10. 0-0 Bd7 11. a4 Bc6 12. Nd5 Nd7 13. b4 Bxd5 14. exd5 Be7 15. c4 0-0 16. Ba3 Rc8 17. Rac1 f5 18. f4 e4 19. Qb3 Qb6+ 20. Kh1 Rc7 21. a5 Qa7 22. c5 Kh8 23. c6 Nf6 24. Bb2 bxc6 25. dxc6 Qa8 26. b5 axb5 27. Bxf6 Bxf6 28. Qxb5 Bd4 29. Bh3 Bc5 30. Rxc5 dxc5 31. Qxc5 Rxc6 32. Qb5 g6 33. Rb1 Rfc8 34. Qe5+ Kg8 35. Bf1 Rc1 36. Qe6+ Kg7 37. Qe7+ Kg8 38. Rb7 R8c7 39. Rxc7 Rxc7 40. Qxc7 Qf8 41. Bc4+ Kh8 42. Qe5+ Qg7 43. Qe8+ 1-0

[Event "Fouesnant op 15th"]
[Site "Fouesnant"]
[Date "2009.10.28"]
[Round "6"]
[White "Viart, Bettina"]
[Black "Arveuf, Rene"]
[Result "0-1"]
[WhiteElo "1590"]
[BlackElo "1640"]
[PlyCount "123"]
[EventDate "2009.10.26"]
[EventType "swiss"]
[EventRounds "9"]
[EventCountry "FRA"]
[SourceTitle "EXT 2010"]
[Source "ChessBase"]
[SourceDate "2010.11.25"]
[SourceVersion "1"]
[SourceVersionDate "2010.11.25"]
[SourceQuality "1"]

1. e4 e5 2. Nf3 Nc6 3. Bb5 Bc5 4. Bxc6 dxc6 5. h3 f6 6. d3 Be6 7. 0-0 Qd7 8. Kh2 0-0-0 9. Nc3 g5 10. Ng1 h5 11. f3 g4 12. Na4 Bd6 13. Be3 gxh3 14. Nxh3 b6 15. f4 Bg4 16. Qe1 Nh6 17. f5 Qg7 18. Rg1 Rdg8 19. Qc3 Bxf5 20. Bxh6 Qg3+ 21. Kh1 Bxh3 22. Qd2 Bg4 23. Qe1 Qxe1 24. Raxe1 Rxh6 25. Nc3 Bc5 26. Rgf1 Rhg6 27. Na4 Bd6 28. Rg1 b5 29. Nc3 Bc5 30. Rgf1 Be6 31. Ne2 Rxg2 32. Rxf6 R8g6 33. Rxg6 Rxg6 34. b3 Bg4 35. Kh2 Bxe2 36. Rxe2 Kd7 37. Kh3 Be7 38. c3 c5 39. c4 a6 40. Kh2 h4 41. Re3 Bg5 42. Rf3 Bf4+ 43. Kh1 Rg3 44. Rxg3 Bxg3 45. Kg2 c6 46. Kh3 Ke6 47. Kg4 Kf6 48. Kf3 Kg5 49. a3 a5 50. a4 b4 51. d4 cxd4 52. c5 Bf4 53. Kf2 h3 54. Kf3 h2 55. Kg2 Kg4 56. Kf2 h1Q 57. Ke2 Qxe4+ 58. Kd1 Qd3+ 59. Ke1 Qd2+ 60. Kf1 Qd1+ 61. Kg2 Qe2+ 62. Kh1 0-1

[Event "Fouesnant op 15th"]
[Site "Fouesnant"]
[Date "2009.10.24"]
[Round "1"]
[White "Viart, Bettina"]
[Black "Fournier, Sylvain"]
[Result "0-1"]
[WhiteElo "1590"]
[BlackElo "1927"]
[PlyCount "108"]
[EventDate "2009.10.26"]
[EventType "swiss"]
[EventRounds "9"]
[EventCountry "FRA"]
[SourceTitle "EXT 2010"]
[Source "ChessBase"]
[SourceDate "2010.11.25"]
[SourceVersion "1"]
[SourceVersionDate "2010.11.25"]
[SourceQuality "1"]

1. e4 c5 2. Nf3 Nc6 3. Bb5 e6 4. Bxc6 dxc6 5. 0-0 Ne7 6. d3 Ng6 7. Be3 e5 8. h3 Be7 9. Nbd2 Be6 10. Re1 0-0 11. Nf1 f6 12. b3 Qd7 13. N3h2 Rad8 14. g4 b5 15. Ng3 Qc7 16. Nf5 Rfe8 17. Qe2 Bf8 18. Nf3 Nf4 19. Bxf4 exf4 20. Qf1 g6 21. N5h4 Bd6 22. Qg2 Be5 23. Nxe5 fxe5 24. Nf3 Bc8 25. Qf1 Kg7 26. Qe2 h6 27. a4 a6 28. Red1 Qe7 29. Qf1 Rh8 30. Nh2 h5 31. f3 Qh4 32. Qg2 hxg4 33. hxg4 Qe7 34. Kf2 Qd6 35. Ke2 Qd4 36. Rh1 Qc3 37. Rhc1 c4 38. Nf1 cxb3 39. cxb3 Qxb3 40. axb5 Rxd3 41. Rab1 Qa2+ 42. Kxd3 Qxg2 43. Nd2 Rd8+ 44. Kc4 Qxd2 45. bxc6 Qd4+ 46. Kb3 Be6+ 47. Ka3 Qe3+ 48. Ka4 Rd4+ 49. Ka5 Bb3 50. Kxa6 Ra4+ 51. Kb7 Ra7+ 52. Kc8 Ra8+ 53. Kc7 Ra7+ 54. Kd6 Qd4# 0-1

[Event "Fouesnant op 13th"]
[Site "Fouesnant"]
[Date "2007.11.02"]
[Round "8"]
[White "Viart, Bettina"]
[Black "Keravec, Julien"]
[Result "1/2-1/2"]
[WhiteElo "1520"]
[BlackElo "1746"]
[PlyCount "46"]
[EventDate "2007.10.27"]
[EventType "swiss"]
[EventRounds "9"]
[EventCountry "FRA"]
[SourceTitle "EXT 2008"]
[Source "ChessBase"]
[SourceDate "2007.11.25"]
[SourceVersion "1"]
[SourceVersionDate "2007.11.25"]
[SourceQuality "1"]

1. e4 e6 2. d4 d5 3. exd5 exd5 4. Bd3 Bd6 5. Ne2 Nc6 6. c3 Nce7 7. Bf4 Bxf4 8. Nxf4 Nf6 9. 0-0 g5 10. Nh5 Nxh5 11. Qxh5 h6 12. Re1 Be6 13. Rxe6 Qd7 14. Rxh6 Rxh6 15. Qxh6 0-0-0 16. Qxg5 Rg8 17. Qh4 f5 18. Na3 Ng6 19. Qg5 Ne7 20. Qd2 Ng6 21. Qc2 Nh4 22. g3 f4 23. Bf1 Qg7 1/2-1/2

[Event "FRA-ch op-D"]
[Site "Aix les Bains"]
[Date "2007.08.23"]
[Round "10"]
[White "Pignatelli, Daniel"]
[Black "Viart, Bettina"]
[Result "1-0"]
[WhiteElo "1499"]
[BlackElo "1410"]
[PlyCount "85"]
[EventDate "2007.08.13"]
[EventType "swiss"]
[EventRounds "11"]
[EventCountry "FRA"]
[SourceTitle "CBM 120 Extra"]
[Source "ChessBase"]
[SourceDate "2007.11.01"]
[SourceVersion "1"]
[SourceVersionDate "2007.11.01"]
[SourceQuality "1"]

1. d4 Nf6 2. Nc3 g6 3. e4 d6 4. f4 Bg7 5. e5 dxe5 6. fxe5 Nd5 7. Ne4 Bf5 8. Bd3 Nc6 9. c3 h6 10. Nf3 a6 11. a4 e6 12. Nc5 Rb8 13. Bxf5 gxf5 14. Nd3 a5 15. Nf4 Nxf4 16. Bxf4 Ne7 17. c4 c6 18. Bg3 Ng6 19. Bf2 Qb6 20. Qc2 Qb4+ 21. Qc3 Qxc3+ 22. bxc3 Nf4 23. 0-0-0 Ng6 24. Nd2 Ke7 25. Kc2 Rhc8 26. Rb1 Kd7 27. c5 Ne7 28. Nc4 Rf8 29. Nd6 Kc7 30. Rb3 b6 31. cxb6+ Rxb6 32. Rxb6 Kxb6 33. Rb1+ Kc7 34. Rb7+ Kd8 35. Ra7 Nc8 36. Bh4+ f6 37. Rxg7 Nxd6 38. exd6 Kc8 39. Rc7+ Kb8 40. Re7 Rd8 41. Rxe6 Kb7 42. Rxf6 f4 43. Rf7+ 1-0

[Event "FRA-ch op-D"]
[Site "Aix les Bains"]
[Date "2007.08.21"]
[Round "7"]
[White "El Forkane, Mohamed"]
[Black "Viart, Bettina"]
[Result "1/2-1/2"]
[WhiteElo "1450"]
[BlackElo "1410"]
[PlyCount "160"]
[EventDate "2007.08.13"]
[EventType "swiss"]
[EventRounds "11"]
[EventCountry "FRA"]
[SourceTitle "CBM 120 Extra"]
[Source "ChessBase"]
[SourceDate "2007.11.01"]
[SourceVersion "1"]
[SourceVersionDate "2007.11.01"]
[SourceQuality "1"]

1. e4 c5 2. Nf3 b6 3. Bc4 e6 4. Qe2 Bb7 5. 0-0 d6 6. c3 g6 7. d4 cxd4 8. cxd4 Bg7 9. Bg5 Qc7 10. Rd1 Ne7 11. Nc3 a6 12. e5 d5 13. Bd3 Nd7 14. Rac1 Qd8 15. Qe3 h6 16. Bh4 b5 17. h3 g5 18. Bg3 Nf8 19. Qe2 Nfg6 20. Nh2 Qd7 21. b4 0-0 22. Qh5 f5 23. exf6 Rxf6 24. Ng4 Raf8 25. Nxf6+ Rxf6 26. Be5 Nf4 27. Bxf4 Rxf4 28. g3 Rf6 29. Qe2 Nc6 30. a3 Nxd4 31. Bh7+ Kh8 32. Rxd4 Kxh7 33. Qc2+ Kg8 34. Ne2 e5 35. Rd2 Rc6 36. Qb3 Rxc1+ 37. Nxc1 e4 38. Kh2 Kh8 39. Ne2 Bc8 40. Ng1 Bb7 41. Qc2 Qf5 42. Qc7 Bc8 43. Qd8+ Kh7 44. Qxd5 Qxd5 45. Rxd5 Bb2 46. Rc5 Be6 47. Rc6 Bc4 48. Rxa6 h5 49. g4 h4 50. Kg2 Bd4 51. Rd6 Bb2 52. Ra6 Bb3 53. Ne2 Bc4 54. Kf1 Bc1 55. Ke1 Bb2 56. Kd2 Kg7 57. Ke3 Bd3 58. Nd4 Bxd4+ 59. Kxd4 Bf1 60. Kxe4 Bxh3 61. Kf3 Bf1 62. Rb6 h3 63. Kg3 Kf7 64. Rxb5 Bxb5 65. Kxh3 Ke6 66. Kg3 Kd5 67. Kf3 Kc4 68. Ke4 Kb3 69. Kf5 Kxa3 70. Kxg5 Kxb4 71. f4 Kc5 72. f5 Bc4 73. f6 Kd6 74. Kf5 Be6+ 75. Kf4 Bf7 76. Kf5 Be6+ 77. Kf4 Bf7 78. g5 Bg6 79. Kg4 Ke6 80. Kf4 Bf7 1/2-1/2

[Event "FRA-ch op-D"]
[Site "Aix les Bains"]
[Date "2007.08.18"]
[Round "5"]
[White "Viart, Bettina"]
[Black "Subits, Nicolas"]
[Result "0-1"]
[WhiteElo "1410"]
[BlackElo "1330"]
[PlyCount "130"]
[EventDate "2007.08.13"]
[EventType "swiss"]
[EventRounds "11"]
[EventCountry "FRA"]
[SourceTitle "CBM 120 Extra"]
[Source "ChessBase"]
[SourceDate "2007.11.01"]
[SourceVersion "1"]
[SourceVersionDate "2007.11.01"]
[SourceQuality "1"]

1. e4 e5 2. Bc4 Nf6 3. d3 Be7 4. Nf3 d6 5. c3 Bg4 6. h3 Bxf3 7. Qxf3 0-0 8. Be3 c6 9. Nd2 d5 10. exd5 cxd5 11. Bb3 d4 12. cxd4 Nc6 13. 0-0 exd4 14. Bf4 Bd6 15. Bg5 Be7 16. Bxf6 Bxf6 17. Rfe1 Ne5 18. Qe2 Re8 19. Ne4 Nd7 20. Bxf7+ Kxf7 21. Nd6+ Kf8 22. Nxe8 Qxe8 23. Qxe8+ Rxe8 24. Red1 Re2 25. b3 Be7 26. Kf1 Rc2 27. a3 Rc3 28. b4 b6 29. Ke2 a5 30. bxa5 bxa5 31. a4 Nc5 32. g3 Nb3 33. Rab1 Rc2+ 34. Kf3 Nd2+ 35. Rxd2 Rxd2 36. Rb5 Rxd3+ 37. Ke4 Ra3 38. Rxa5 d3 39. Rd5 Rxa4+ 40. Kxd3 Ra2 41. Ke3 Rc2 42. Rf5+ Bf6 43. Kf3 Ke7 44. Kg2 Ke6 45. Rf3 Rc3 46. Rxc3 Bxc3 47. f4 Kf5 48. Kf3 h5 49. g4+ Kg6 50. f5+ Kg5 51. Kg3 Be1+ 52. Kf3 Kh4 53. gxh5 Kxh5 54. Kf4 Bd2+ 55. Kg3 Kg5 56. Kf3 Kxf5 57. Kg3 Kg5 58. Kf3 Kh4 59. Kg2 g5 60. Kh2 Bf4+ 61. Kg2 Bg3 62. Kh1 Kxh3 63. Kg1 Be5 64. Kh1 g4 65. Kg1 g3 0-1

[Event "FRA-ch op-C"]
[Site "Aix les Bains"]
[Date "2003.08.27"]
[Round "8"]
[White "Golly, Christian"]
[Black "Viart, Bettina"]
[Result "0-1"]
[WhiteElo "1620"]
[BlackElo "1380"]
[PlyCount "27"]
[EventDate "2003.08.19"]
[EventType "swiss"]
[EventRounds "9"]
[EventCountry "FRA"]
[SourceTitle "EXT 2004"]
[Source "ChessBase"]
[SourceDate "2003.11.25"]
[SourceVersion "1"]
[SourceVersionDate "2003.11.25"]
[SourceQuality "1"]

1. f4 e6 2. Nf3 d5 3. e3 Nc6 4. b3 Be7 5. Bb2 Bf6 6. Ne5 Bxe5 7. fxe5 Nge7 8. Be2 Ng6 9. d4 Bd7 10. 0-0 Nce7 11. Nd2 Nf5 12. Rf3 Ngh4 13. Rh3 Qg5 14. Nf3 0-1